[Event "TUR-chT 2nd League"]
[Site "Denizli"]
[Date "2024.07.21"]
[Round "9.2"]
[White "Can, Melih Kaan"]
[Black "Atabayev, Yusup"]
[Result "0-1"]
[WhiteElo "2141"]
[BlackElo "2435"]
[PlyCount "92"]
[EventDate "2024.07.15"]
[EventType "team-swiss"]
[EventRounds "9"]
[EventCountry "TUR"]
[SourceTitle "EXT 2025"]
[Source "ChessBase"]
[SourceDate "2024.10.14"]
[SourceVersion "1"]
[SourceVersionDate "2024.10.14"]
[SourceQuality "1"]
[WhiteTeam "Trabzon Feda"]
[BlackTeam "Resul Caner"]
[WhiteTeamCountry "TUR"]
[BlackTeamCountry "TUR"]

1. d4 Nf6 2. c4 e6 3. g3 d5 4. Bg2 dxc4 5. Nf3 a6 6. 0-0 Nc6 7. e3 Bd7 8. Qe2 b5 9. Rd1 Be7 10. e4 0-0 11. Nc3 b4 12. d5 exd5 13. Nxd5 Nxd5 14. Rxd5 Qe8 15. Bf4 Be6 16. Qxc4 Na7 17. Qxc7 Bxd5 18. exd5 Nb5 19. Qb6 Bf6 20. d6 Bxb2 21. Re1 Qd8 22. Qc6 Qf6 23. Re7 Rad8 24. Qxa6 Nxd6 25. Bg5 Qg6 26. Re1 Bf6 27. Bf4 Bc3 28. Ne5 Qe6 29. Re2 Nf5 30. Qxe6 Rd1+ 31. Bf1 fxe6 32. Nc6 Rc8 33. Na7 Nd4 34. Rxe6 Nxe6 35. Nxc8 Nxf4 36. gxf4 Kf8 37. Kg2 Bd4 38. Nd6 Rd2 39. Bc4 Bxf2 40. Nb5 Bb6+ 41. Kg3 Ke7 42. a3 b3 43. Nc3 b2 44. Nb1 Rd4 45. Bg8 h6 46. f5 Kf6 0-1

[Event "TUR-chT 2nd League"]
[Site "Denizli"]
[Date "2024.07.20"]
[Round "8.2"]
[White "Atabayev, Yusup"]
[Black "Yaran, Siar"]
[Result "1-0"]
[WhiteElo "2435"]
[BlackElo "2272"]
[PlyCount "153"]
[EventDate "2024.07.15"]
[EventType "team-swiss"]
[EventRounds "9"]
[EventCountry "TUR"]
[SourceTitle "EXT 2025"]
[Source "ChessBase"]
[SourceDate "2024.10.14"]
[SourceVersion "1"]
[SourceVersionDate "2024.10.14"]
[SourceQuality "1"]
[WhiteTeam "Resul Caner"]
[BlackTeam "Sakarya Satranc"]
[WhiteTeamCountry "TUR"]
[BlackTeamCountry "TUR"]

1. e4 e5 2. Nf3 Nf6 3. Nxe5 Nxe4 4. Qe2 Qe7 5. Qxe4 d6 6. d4 dxe5 7. dxe5 Nc6 8. Nc3 Qxe5 9. Qxe5+ Nxe5 10. Nb5 Bb4+ 11. Bd2 Bxd2+ 12. Kxd2 Kd8 13. Re1 f6 14. f4 Ng6 15. g3 Bd7 16. Nd4 c6 17. Bd3 Re8 18. h4 Kc7 19. b4 b6 20. c4 c5 21. bxc5 bxc5 22. Nb3 Kd6 23. Na5 Rab8 24. Rxe8 Bxe8 25. Kc3 Ba4 26. Re1 Nf8 27. Be4 Kc7 28. Bd5 Re8 29. Rb1 Rb8 30. Rxb8 Kxb8 31. Nb7 Nd7 32. Nd6 Nf8 33. Nf5 g6 34. Nh6 f5 35. Nf7 Kc7 36. Ne5 Be8 37. Bg8 Kd6 38. Kb3 Ke7 39. Ka3 h6 40. Bd5 Ne6 41. Nd3 Nc7 42. Bb7 Kd6 43. Bc8 h5 44. Kb3 Kc6 45. Kc3 Kd6 46. Kb2 Kc6 47. Kb3 Kd6 48. Kc3 Kc6 49. Ne5+ Kd6 50. Bb7 Ne6 51. Bd5 Nd4 52. Kd3 Ke7 53. Kd2 Ne6 54. Nd3 Nc7 55. Bb7 Kd6 56. Ne5 Ke7 57. Bc6 Bf7 58. Kc3 Na6 59. a3 Nc7 60. Kb2 Na6 61. Kb3 Nc7 62. Ka4 Kf6 63. Ka5 Be6 64. Bb5 Bc8 65. Nc6 a6 66. Ba4 Ke6 67. Ne5 Kd6 68. Nxg6 Ne6 69. Kb6 Nd4 70. Bd1 Bd7 71. Ne5 Be8 72. a4 a5 73. Nd3 Ne6 74. Kxa5 Kc7 75. Nc1 Nd8 76. Bf3 Nf7 77. Bxh5 1-0

[Event "TUR-chT 2nd League"]
[Site "Denizli"]
[Date "2024.07.17"]
[Round "3.2"]
[White "Atabayev, Yusup"]
[Black "Demirbas, Emre"]
[Result "1-0"]
[WhiteElo "2435"]
[BlackElo "2012"]
[PlyCount "75"]
[EventDate "2024.07.15"]
[EventType "team-swiss"]
[EventRounds "9"]
[EventCountry "TUR"]
[SourceTitle "EXT 2025"]
[Source "ChessBase"]
[SourceDate "2024.10.14"]
[SourceVersion "1"]
[SourceVersionDate "2024.10.14"]
[SourceQuality "1"]
[WhiteTeam "Resul Caner"]
[BlackTeam "Mugla Buyuksehir"]
[WhiteTeamCountry "TUR"]
[BlackTeamCountry "TUR"]

1. e4 c5 2. Nf3 e6 3. d4 cxd4 4. Nxd4 Nf6 5. Nc3 Nc6 6. a3 Be7 7. f4 0-0 8. Be3 d6 9. Be2 e5 10. Nxc6 bxc6 11. 0-0 exf4 12. Rxf4 Be6 13. Rf1 Rb8 14. Rb1 Qa5 15. Qd2 Rfe8 16. Bf3 Nd7 17. b4 Qc7 18. Qf2 Bf6 19. Ne2 a5 20. Nd4 Ba2 21. Rbd1 axb4 22. axb4 Ne5 23. Nf5 d5 24. Bc5 Ra8 25. Bh5 Ng6 26. Nh6+ Kh8 27. Bd6 Qa7 28. Bc5 Qc7 29. Ng4 Be7 30. Bb6 Qb7 31. Bd4 dxe4 32. Bxg7+ Kxg7 33. Qd4+ f6 34. Rxf6 Qa7 35. Rxg6+ Kf8 36. Rf1+ Bf7 37. Rxf7+ Kxf7 38. Nh6+ 1-0

[Event "Ahvaz Neyshekar"]
[Site "Ahvaz"]
[Date "2023.10.10"]
[Round "7"]
[White "Atabayev, Yusup"]
[Black "Daghli, Arash"]
[Result "1/2-1/2"]
[WhiteElo "2461"]
[BlackElo "2429"]
[PlyCount "74"]
[EventDate "2023.10.05"]
[EventType "tourn"]
[EventRounds "9"]
[EventCountry "IRI"]
[EventCategory "6"]
[SourceTitle "EXT 2025"]
[Source "ChessBase"]
[SourceDate "2024.10.14"]
[SourceVersion "1"]
[SourceVersionDate "2024.10.14"]
[SourceQuality "1"]

1. e4 c5 2. Nf3 d6 3. d4 cxd4 4. Nxd4 Nf6 5. Nc3 a6 6. Be2 e5 7. Nb3 Be7 8. 0-0 0-0 9. a4 Be6 10. Be3 Nc6 11. Qd2 Qc7 12. Rfd1 Nb4 13. a5 d5 14. exd5 Nfxd5 15. Nxd5 Nxd5 16. c4 Nxe3 17. Qxe3 Rac8 18. h3 Rfd8 19. Bf1 Bb4 20. Rxd8+ Rxd8 21. Rc1 Bxa5 22. Nxa5 Qxa5 23. c5 Qc7 24. Qf3 Bd5 25. Qc3 Bc6 26. b4 Rd4 27. Be2 h6 28. Re1 Qd7 29. Bf1 Qd5 30. f3 h5 31. Qe3 Rxb4 32. Qxe5 Qxe5 33. Rxe5 a5 34. Rxh5 f6 35. g3 a4 36. Rh4 Rxh4 37. gxh4 Bd5 1/2-1/2

[Event "Ahvaz Neyshekar"]
[Site "Ahvaz"]
[Date "2023.10.08"]
[Round "6"]
[White "Atabayev, Saparmyrat"]
[Black "Atabayev, Yusup"]
[Result "1-0"]
[WhiteElo "2456"]
[BlackElo "2461"]
[PlyCount "39"]
[EventDate "2023.10.05"]
[EventType "tourn"]
[EventRounds "9"]
[EventCountry "IRI"]
[EventCategory "6"]
[SourceTitle "EXT 2025"]
[Source "ChessBase"]
[SourceDate "2024.10.14"]
[SourceVersion "1"]
[SourceVersionDate "2024.10.14"]
[SourceQuality "1"]

1. e4 c5 2. Nf3 d6 3. d4 cxd4 4. Nxd4 Nf6 5. Nc3 a6 6. Be3 e5 7. Nb3 Be6 8. h3 Be7 9. Qf3 Nbd7 10. g4 h6 11. 0-0-0 b5 12. Kb1 Qc7 13. Nd5 Bxd5 14. exd5 Nb6 15. h4 Rc8 16. c3 Na4 17. Bd3 g6 18. g5 Nh5 19. Rhg1 hxg5 20. hxg5 1-0

[Event "Ahvaz Neyshekar"]
[Site "Ahvaz"]
[Date "2023.10.08"]
[Round "5"]
[White "Atabayev, Yusup"]
[Black "Mosadeghpour, Masoud"]
[Result "1/2-1/2"]
[WhiteElo "2461"]
[BlackElo "2480"]
[PlyCount "66"]
[EventDate "2023.10.05"]
[EventType "tourn"]
[EventRounds "9"]
[EventCountry "IRI"]
[EventCategory "6"]
[SourceTitle "EXT 2025"]
[Source "ChessBase"]
[SourceDate "2024.10.14"]
[SourceVersion "1"]
[SourceVersionDate "2024.10.14"]
[SourceQuality "1"]

1. e4 e6 2. d4 d5 3. Nc3 Nf6 4. Bg5 dxe4 5. Nxe4 Nbd7 6. Nf3 h6 7. Nxf6+ Nxf6 8. Be3 Bd6 9. Bd3 Qe7 10. Qe2 Bd7 11. 0-0 Bc6 12. Rfe1 0-0-0 13. c4 Bxf3 14. Qxf3 c5 15. d5 exd5 16. Qh3+ Kb8 17. Bxc5 Qc7 18. Bxd6 Qxd6 19. Rac1 Rhe8 20. Rxe8 Rxe8 21. c5 Qf4 22. Rd1 Qd4 23. Qf3 Re5 24. h3 Qxb2 25. Rb1 Qd2 26. c6 Re1+ 27. Kh2 Rxb1 28. Qg3+ Ka8 29. Qc7 a5 30. Bxb1 bxc6 31. Qxc6+ Kb8 32. Qb6+ Ka8 33. Qa6+ Kb8 1/2-1/2

[Event "Ahvaz Neyshekar"]
[Site "Ahvaz"]
[Date "2023.10.07"]
[Round "4"]
[White "Llaneza Vega, Marcos"]
[Black "Atabayev, Yusup"]
[Result "1/2-1/2"]
[WhiteElo "2394"]
[BlackElo "2461"]
[PlyCount "29"]
[EventDate "2023.10.05"]
[EventType "tourn"]
[EventRounds "9"]
[EventCountry "IRI"]
[EventCategory "6"]
[SourceTitle "EXT 2025"]
[Source "ChessBase"]
[SourceDate "2024.10.14"]
[SourceVersion "1"]
[SourceVersionDate "2024.10.14"]
[SourceQuality "1"]

1. e4 c5 2. Nf3 a6 3. Nc3 b5 4. g3 Bb7 5. Qe2 e6 6. Bg2 Nc6 7. 0-0 Nd4 8. Nxd4 cxd4 9. Nd1 Ne7 10. d3 Nc6 11. f4 Qc7 12. Bd2 Bb4 13. Bxb4 Nxb4 14. a3 Nc6 15. Nf2 1/2-1/2

[Event "Abadan Arvand 1st"]
[Site "Abadan"]
[Date "2023.10.01"]
[Round "6"]
[White "Atabayev, Yusup"]
[Black "Atabayev, Saparmyrat"]
[Result "1/2-1/2"]
[WhiteElo "2461"]
[BlackElo "2456"]
[PlyCount "41"]
[EventDate "2023.09.27"]
[EventType "swiss"]
[EventRounds "9"]
[EventCountry "IRI"]
[SourceTitle "EXT 2025"]
[Source "ChessBase"]
[SourceDate "2024.10.14"]
[SourceVersion "1"]
[SourceVersionDate "2024.10.14"]
[SourceQuality "1"]

1. e4 e5 2. Nf3 Nf6 3. Nxe5 d6 4. Nf3 Nxe4 5. d4 d5 6. Bd3 Bd6 7. 0-0 0-0 8. c4 c6 9. Nc3 Nxc3 10. bxc3 dxc4 11. Bxc4 Bg4 12. h3 Bh5 13. Be2 Nd7 14. Ng5 Bxe2 15. Qxe2 h6 16. Nf3 Nf6 17. Bd2 Re8 18. Qd3 Qd7 19. Rfe1 Rxe1+ 20. Rxe1 Re8 21. Rxe8+ 1/2-1/2

[Event "Abadan Arvand 1st"]
[Site "Abadan"]
[Date "2023.10.01"]
[Round "7"]
[White "Azadi, Amirmohammad"]
[Black "Atabayev, Yusup"]
[Result "1/2-1/2"]
[WhiteElo "2188"]
[BlackElo "2461"]
[PlyCount "26"]
[EventDate "2023.09.27"]
[EventType "swiss"]
[EventRounds "9"]
[EventCountry "IRI"]
[SourceTitle "EXT 2025"]
[Source "ChessBase"]
[SourceDate "2024.10.14"]
[SourceVersion "1"]
[SourceVersionDate "2024.10.14"]
[SourceQuality "1"]

1. c4 e5 2. g3 c6 3. Nf3 e4 4. Nd4 d5 5. cxd5 Qxd5 6. Nc2 Nf6 7. Nc3 Qe5 8. Bg2 Na6 9. 0-0 Be7 10. d3 exd3 11. Qxd3 0-0 12. e4 Qh5 13. Qe2 Qxe2 1/2-1/2

[Event "Abadan Arvand 1st"]
[Site "Abadan"]
[Date "2023.09.29"]
[Round "4"]
[White "Nikpour, Hossein"]
[Black "Atabayev, Yusup"]
[Result "0-1"]
[WhiteElo "2110"]
[BlackElo "2461"]
[PlyCount "122"]
[EventDate "2023.09.27"]
[EventType "swiss"]
[EventRounds "9"]
[EventCountry "IRI"]
[SourceTitle "EXT 2025"]
[Source "ChessBase"]
[SourceDate "2024.10.14"]
[SourceVersion "1"]
[SourceVersionDate "2024.10.14"]
[SourceQuality "1"]

1. e4 c5 2. Nf3 d6 3. d4 cxd4 4. Nxd4 Nf6 5. Nc3 Nc6 6. f3 e5 7. Nb3 Be6 8. Be3 Be7 9. Qd2 a5 10. Bb5 0-0 11. 0-0 Qc7 12. Rad1 Nb4 13. a3 Nc6 14. Qf2 Rfc8 15. Rd2 Qb8 16. Rfd1 Na7 17. Bf1 Rxc3 18. bxc3 Nc6 19. a4 Nd7 20. Rb1 Qc7 21. Rdd1 Rc8 22. c4 Ncb8 23. Nd2 Na6 24. Ra1 h6 25. Nb1 Nac5 26. Nc3 Qc6 27. Rdb1 Bd8 28. Nb5 Ra8 29. Rd1 Be7 30. Kh1 Kh7 31. Rd2 b6 32. Qe1 Nb7 33. Ra3 Ndc5 34. Qd1 Rf8 35. Bd3 Kg8 36. h3 Kh8 37. Kh2 Kg8 38. Qe2 Kh8 39. Rd1 Nd7 40. Ra2 Nbc5 41. g4 Re8 42. Qf2 Nf8 43. h4 Ng6 44. h5 Nf4 45. Bf1 Nd7 46. Qd2 Rd8 47. Bxf4 exf4 48. Qxf4 Ne5 49. Qe3 Bxg4 50. Be2 Bxh5 51. f4 Nxc4 52. Qd3 Bxe2 53. Qxe2 Bf6 54. e5 dxe5 55. Rxd8+ Bxd8 56. fxe5 Bg5 57. c3 Bf4+ 58. Kg1 Qg6+ 59. Kf1 Ne3+ 60. Ke1 Qg1+ 61. Kd2 Qb1 0-1

[Event "Abadan Arvand 1st"]
[Site "Abadan"]
[Date "2023.09.28"]
[Round "3"]
[White "Atabayev, Yusup"]
[Black "Khaledi, Omid"]
[Result "1/2-1/2"]
[WhiteElo "2461"]
[BlackElo "2135"]
[PlyCount "75"]
[EventDate "2023.09.27"]
[EventType "swiss"]
[EventRounds "9"]
[EventCountry "IRI"]
[SourceTitle "EXT 2025"]
[Source "ChessBase"]
[SourceDate "2024.10.14"]
[SourceVersion "1"]
[SourceVersionDate "2024.10.14"]
[SourceQuality "1"]

1. e4 c5 2. Nf3 e6 3. d4 cxd4 4. Nxd4 Nf6 5. Nc3 Nc6 6. Nxc6 bxc6 7. e5 Nd5 8. Ne4 Qc7 9. f4 Qb6 10. c4 Bb4+ 11. Ke2 Ba6 12. Kf3 f5 13. exf6 Nxf6 14. c5 Bxc5 15. Nxc5 Bxf1 16. Na4 Qb5 17. Rxf1 Qh5+ 18. Kf2 Ng4+ 19. Ke1 0-0 20. Qf3 Qg6 21. Qe2 Nxh2 22. Rh1 e5 23. Kd1 Ng4 24. Qc2 Rf5 25. Qc4+ Kh8 26. Rf1 exf4 27. Nc3 Raf8 28. Qe4 Re8 29. Qc4 Ne5 30. Qe2 Ng4 31. Qc4 Ne5 32. Qe2 f3 33. gxf3 Nxf3 34. Be3 Qd6+ 35. Kc2 Nd4+ 36. Bxd4 Rxe2+ 37. Nxe2 Qg6 38. Kd2 1/2-1/2

[Event "Issykkul op"]
[Site "Korumdu"]
[Date "2023.07.12"]
[Round "1"]
[White "Atabayev, Yusup"]
[Black "Orozbaev, Eldiar"]
[Result "1-0"]
[WhiteElo "2487"]
[BlackElo "2281"]
[PlyCount "85"]
[EventDate "2023.07.12"]
[EventType "swiss"]
[EventRounds "10"]
[EventCountry "KGZ"]
[SourceTitle "CBM 215 Extra"]
[Source "ChessBase"]
[SourceDate "2023.09.30"]
[SourceVersion "1"]
[SourceVersionDate "2023.09.30"]
[SourceQuality "1"]

1. e4 e6 2. d4 d5 3. e5 c5 4. c3 Qb6 5. Nf3 Nc6 6. a3 f6 7. Bd3 fxe5 8. dxe5 c4 9. Bc2 g6 10. 0-0 Nh6 11. Nbd2 Bg7 12. b3 cxb3 13. Bxb3 0-0 14. c4 d4 15. c5 Qc7 16. Bb2 Nf5 17. Nc4 b5 18. cxb6 axb6 19. Rc1 b5 20. Ncd2 Qb6 21. Re1 Na5 22. g4 Nxb3 23. Qxb3 Ne7 24. Bxd4 Qb7 25. Ng5 Qd7 26. Be3 Nd5 27. Bc5 Rf4 28. Qh3 h6 29. Nge4 Ra4 30. Bd6 Bb7 31. f3 Qf7 32. Rc5 Rxa3 33. Rec1 Ra8 34. Rc7 Nxc7 35. Rxc7 Ra2 36. Rxf7 Rxf7 37. g5 Ra1+ 38. Kf2 Ra4 39. gxh6 Bxe4 40. hxg7 Kxg7 41. Nxe4 Rxe4 42. Qxe6 Rd4 43. Be7 1-0

[Event "Baku NCC 2nd"]
[Site "Baku"]
[Date "2022.12.15"]
[Round "10.2"]
[White "Alumert, Orkun Efe"]
[Black "Atabayev, Yusup"]
[Result "1-0"]
[WhiteElo "2378"]
[BlackElo "2470"]
[PlyCount "111"]
[EventDate "2022.12.11"]
[EventType "team-schev"]
[EventRounds "10"]
[EventCountry "AZE"]
[SourceTitle "CBM 211 Extra"]
[Source "ChessBase"]
[SourceDate "2023.01.31"]
[SourceVersion "1"]
[SourceVersionDate "2023.01.31"]
[SourceQuality "1"]
[WhiteTeam "Team B"]
[BlackTeam "Team A"]
[WhiteTeamCountry "AZE"]
[BlackTeamCountry "AZE"]

1. d4 Nf6 2. c4 e6 3. Nc3 Bb4 4. e3 d5 5. Nf3 Nc6 6. Bd3 dxc4 7. Bxc4 0-0 8. 0-0 Bd7 9. Bd2 Rc8 10. a3 Bd6 11. h3 a6 12. Rc1 h6 13. Qc2 Re8 14. Rfd1 b5 15. Bd3 e5 16. Ne4 exd4 17. exd4 Nxe4 18. Bxe4 Ne7 19. Ba5 Bf4 20. Bb7 Bxc1 21. Rxc1 Be6 22. Bxc8 Bxc8 23. Qxc7 Qxc7 24. Rxc7 Nd5 25. Ra7 Nf4 26. Ne5 Ne2+ 27. Kf1 Nxd4 28. Nxf7 Nc6 29. Nd6 Rf8 30. Nxc8 Rxc8 31. Rc7 Rxc7 32. Bxc7 Kf7 33. Ke2 Ke6 34. Kd3 Kd5 35. g4 b4 36. axb4 Nxb4+ 37. Kc3 Nc6 38. f4 Ke4 39. Kc4 Nd4 40. Kc5 Ne6+ 41. Kb6 a5 42. Bd6 Kd5 43. f5 Ng5 44. h4 Nh7 45. Be7 a4 46. Ka5 h5 47. g5 Ke5 48. Kxa4 Kxf5 49. b4 Ke6 50. Bc5 Kd5 51. Kb5 Ke4 52. Kc6 Kf3 53. b5 Kg4 54. b6 Kxh4 55. b7 Kxg5 56. b8Q 1-0

[Event "Baku NCC 2nd"]
[Site "Baku"]
[Date "2022.12.12"]
[Round "3.2"]
[White "Atabayev, Yusup"]
[Black "Ghaffarifar, Matin"]
[Result "1/2-1/2"]
[WhiteElo "2470"]
[BlackElo "2217"]
[PlyCount "30"]
[EventDate "2022.12.11"]
[EventType "team-schev"]
[EventRounds "10"]
[EventCountry "AZE"]
[SourceTitle "CBM 211 Extra"]
[Source "ChessBase"]
[SourceDate "2023.01.31"]
[SourceVersion "1"]
[SourceVersionDate "2023.01.31"]
[SourceQuality "1"]
[WhiteTeam "Team A"]
[BlackTeam "Team B"]
[WhiteTeamCountry "AZE"]
[BlackTeamCountry "AZE"]

1. d4 d5 2. c4 e6 3. Nc3 Nf6 4. Bg5 Be7 5. Nf3 0-0 6. e3 Nc6 7. Bd3 Nb4 8. 0-0 h6 9. Bxf6 Bxf6 10. Be2 Nc6 11. Bd3 Nb4 12. Be2 Nc6 13. Bd3 Nb4 14. Be2 Nc6 15. Bd3 Nb4 1/2-1/2

[Event "Asian Continental Blitz op 19th"]
[Site "Delhi"]
[Date "2022.11.03"]
[Round "8"]
[White "Atabayev, Yusup"]
[Black "Praggnanandhaa, Rameshbabu"]
[Result "0-1"]
[WhiteElo "2490"]
[BlackElo "2678"]
[PlyCount "147"]
[EventDate "2022.11.03"]
[EventType "swiss (blitz)"]
[EventRounds "9"]
[EventCountry "IND"]
[SourceTitle "EXT 2024"]
[Source "ChessBase"]
[SourceDate "2023.10.10"]
[SourceVersion "1"]
[SourceVersionDate "2023.10.10"]
[SourceQuality "1"]

1. e4 e5 2. Nf3 d6 3. d4 exd4 4. Nxd4 Nf6 5. Nc3 Be7 6. Bc4 0-0 7. 0-0 c6 8. a4 Re8 9. h3 Bf8 10. Re1 Nbd7 11. Bf4 Nc5 12. Qf3 Ne6 13. Be3 Nd7 14. Qg3 Qf6 15. Rad1 Nxd4 16. Bxd4 Qg6 17. Qxg6 hxg6 18. f4 Nb6 19. Bd3 Be7 20. a5 Nd7 21. Ra1 Bf6 22. Bxf6 Nxf6 23. Kf2 Kf8 24. g4 Nd7 25. Bf1 Nc5 26. Rad1 Rd8 27. b4 Ne6 28. f5 gxf5 29. gxf5 Nc7 30. b5 cxb5 31. Nxb5 Nxb5 32. Bxb5 f6 33. Bc4 Rb8 34. Re3 b5 35. Bd5 Ba6 36. Be6 b4 37. Rd4 Rb5 38. Rb3 Rxa5 39. Rdxb4 Rc5 40. c4 Bc8 41. Bd5 Rc7 42. Ra3 Bd7 43. Ra6 Ke7 44. Rb3 Bc8 45. Ra1 Rh8 46. Rg1 Kf8 47. Rb8 g5 48. fxg6 Kg7 49. Rg3 a5 50. Rb6 Rxh3 51. Rxh3 Bxh3 52. Ra6 Kxg6 53. Rxa5 Kg5 54. Ke3 Bf1 55. Kd4 Kf4 56. Ra1 Be2 57. Ra2 Bf3 58. Ra6 Rd7 59. Bc6 Rd8 60. Bd5 Bg4 61. Ra7 Rf8 62. Ra6 Rd8 63. Ra7 Rf8 64. Ra6 Rd8 65. Ra7 Rd7 66. Ra6 Bf3 67. c5 dxc5+ 68. Kxc5 Kg5 69. Ra3 Kf4 70. Ra6 f5 71. Rf6 Bxe4 72. Be6 Rd1 73. Bxf5 Bxf5 74. Rf8 0-1

[Event "Asian Continental Blitz op 19th"]
[Site "Delhi"]
[Date "2022.11.03"]
[Round "4"]
[White "Atabayev, Yusup"]
[Black "Sidhant, Mohapatra"]
[Result "1-0"]
[WhiteElo "2490"]
[BlackElo "2343"]
[PlyCount "23"]
[EventDate "2022.11.03"]
[EventType "swiss (blitz)"]
[EventRounds "9"]
[EventCountry "IND"]
[SourceTitle "EXT 2024"]
[Source "ChessBase"]
[SourceDate "2023.10.10"]
[SourceVersion "1"]
[SourceVersionDate "2023.10.10"]
[SourceQuality "1"]

1. e4 e5 2. Nf3 Nc6 3. d4 exd4 4. Bc4 Bc5 5. 0-0 Nf6 6. e5 d5 7. exf6 dxc4 8. fxg7 Rg8 9. Bg5 Qd6 10. Re1+ Be6 11. Nbd2 Rxg7 12. Ne4 1-0

[Event "Asian Continental Blitz op 19th"]
[Site "Delhi"]
[Date "2022.11.03"]
[Round "9"]
[White "Sethuraman, SP."]
[Black "Atabayev, Yusup"]
[Result "1/2-1/2"]
[WhiteElo "2643"]
[BlackElo "2490"]
[PlyCount "65"]
[EventDate "2022.11.03"]
[EventType "swiss (blitz)"]
[EventRounds "9"]
[EventCountry "IND"]
[SourceTitle "EXT 2024"]
[Source "ChessBase"]
[SourceDate "2023.10.10"]
[SourceVersion "1"]
[SourceVersionDate "2023.10.10"]
[SourceQuality "1"]

1. e4 c5 2. Nf3 e6 3. d4 cxd4 4. Nxd4 Nf6 5. Nc3 Bb4 6. e5 Nd5 7. Qg4 Kf8 8. Bd2 h5 9. Qe4 d6 10. Nxd5 Bxd2+ 11. Kxd2 exd5 12. Qxd5 Qg5+ 13. Ke1 Qxe5+ 14. Qxe5 dxe5 15. Nb5 Nc6 16. c3 Ke7 17. Rd1 Be6 18. Nc7 Rad8 19. Nxe6 Kxe6 20. Bc4+ Ke7 21. Ke2 f5 22. f3 h4 23. g4 hxg3 24. hxg3 Rxh1 25. Rxh1 Kf6 26. g4 Ne7 27. gxf5 Nxf5 28. Rh3 Ne7 29. Rh1 Nf5 30. Rh3 Ne7 31. Rh1 Nf5 32. Rh3 Ne7 33. Rh1 1/2-1/2

[Event "Asian Continental op 19th"]
[Site "Delhi"]
[Date "2022.11.01"]
[Round "7"]
[White "Atabayev, Yusup"]
[Black "Aaryan, Varshney"]
[Result "1/2-1/2"]
[WhiteElo "2490"]
[BlackElo "2312"]
[PlyCount "67"]
[EventDate "2022.10.26"]
[EventType "swiss"]
[EventRounds "9"]
[EventCountry "IND"]
[SourceTitle "EXT 2024"]
[Source "ChessBase"]
[SourceDate "2023.10.10"]
[SourceVersion "1"]
[SourceVersionDate "2023.10.10"]
[SourceQuality "1"]

1. e4 e5 2. Nf3 Nc6 3. Bb5 a6 4. Ba4 Nf6 5. 0-0 Be7 6. Re1 b5 7. Bb3 0-0 8. c3 d6 9. h3 Na5 10. Bc2 c5 11. d4 Qc7 12. Nbd2 cxd4 13. cxd4 Nc6 14. a3 Nxd4 15. Nxd4 exd4 16. Nf3 Bb7 17. Nxd4 Rfe8 18. a4 d5 19. e5 Bb4 20. Re2 Ne4 21. Bf4 Qb6 22. Qd3 bxa4 23. Bxa4 Nc5 24. Qd1 Nxa4 25. Rxa4 a5 26. Re3 Bc8 27. Ra1 Bd7 28. Rd3 Bc5 29. b3 Rac8 30. Ra2 h6 31. Qa1 Ra8 32. Qd1 Rac8 33. Qa1 Ra8 34. Qd1 1/2-1/2

[Event "Asian Continental op 19th"]
[Site "Delhi"]
[Date "2022.10.26"]
[Round "1"]
[White "Atabayev, Yusup"]
[Black "Viani, Antonio Dcunha"]
[Result "0-1"]
[WhiteElo "2490"]
[BlackElo "2342"]
[PlyCount "110"]
[EventDate "2022.10.26"]
[EventType "swiss"]
[EventRounds "9"]
[EventCountry "IND"]
[SourceTitle "EXT 2024"]
[Source "ChessBase"]
[SourceDate "2023.10.10"]
[SourceVersion "1"]
[SourceVersionDate "2023.10.10"]
[SourceQuality "1"]

1. e4 c5 2. Nc3 Nc6 3. b3 g6 4. Bb2 Bg7 5. f4 Nf6 6. e5 Nh5 7. Nh3 Bh6 8. g3 d6 9. exd6 0-0 10. Bg2 exd6 11. 0-0 Nf6 12. Nf2 Bg7 13. Nd5 Nxd5 14. Bxg7 Kxg7 15. Bxd5 Be6 16. Bg2 d5 17. c3 a5 18. Qf3 a4 19. Rae1 Qd6 20. f5 Bxf5 21. Qxd5 Qxd5 22. Bxd5 Rfd8 23. Bxc6 bxc6 24. Ne4 axb3 25. axb3 Ra2 26. Rf2 Bxe4 27. Rxe4 Rdxd2 28. Rxd2 Rxd2 29. Rc4 Rd5 30. b4 Kf6 31. h4 Ke5 32. Kg2 f5 33. Kf3 h6 34. Ke3 g5 35. hxg5 hxg5 36. Ke2 Kd6 37. Ke3 Kc7 38. bxc5 Kd7 39. Ra4 Rxc5 40. c4 Re5+ 41. Kd3 c5 42. Ra7+ Ke6 43. Ra6+ Kf7 44. Rc6 f4 45. gxf4 gxf4 46. Rh6 Re3+ 47. Kd2 Re4 48. Kd3 Rd4+ 49. Kc3 f3 50. Rh1 f2 51. Rf1 Rf4 52. Kd3 Ke6 53. Ke2 Ke5 54. Ke3 Rf8 55. Kd3 Rf3+ 0-1

[Event "Nakhchivan Sunday GM 06"]
[Site "Nakhchivan"]
[Date "2022.06.16"]
[Round "9"]
[White "Atabayev, Yusup"]
[Black "Ismayilov, Orkhan Elburus"]
[Result "1-0"]
[WhiteElo "2446"]
[BlackElo "2179"]
[PlyCount "61"]
[EventDate "2022.06.12"]
[EventType "schev"]
[EventRounds "10"]
[EventCountry "AZE"]
[SourceTitle "CBM 209 Extra"]
[Source "ChessBase"]
[SourceDate "2022.09.30"]
[SourceVersion "1"]
[SourceVersionDate "2022.09.30"]
[SourceQuality "1"]
[WhiteTeam "Team A"]
[BlackTeam "Team B"]
[WhiteTeamCountry "AZE"]
[BlackTeamCountry "AZE"]

1. e4 e5 2. Nf3 Nc6 3. Bb5 a6 4. Ba4 Nf6 5. 0-0 b5 6. Bb3 d6 7. c3 Be7 8. h3 0-0 9. Re1 Nb8 10. d4 Nbd7 11. Nbd2 Bb7 12. Bc2 Re8 13. Nf1 Bf8 14. Ng3 g6 15. a4 Bg7 16. Bd3 c6 17. Bg5 h6 18. Be3 Kh7 19. Qd2 Qc7 20. b4 Rad8 21. Qc2 Kg8 22. Rad1 d5 23. Nxe5 Nxe5 24. dxe5 Nxe4 25. Bxe4 dxe4 26. Nxe4 Rxd1 27. Qxd1 Qxe5 28. Bd4 Qb8 29. Bxg7 Kxg7 30. Qd4+ Qe5 31. Nd6 1-0

[Event "Nakhchivan Sunday GM 06"]
[Site "Nakhchivan"]
[Date "2022.06.16"]
[Round "10"]
[White "Mammadov, Sadig Teymur"]
[Black "Atabayev, Yusup"]
[Result "1-0"]
[WhiteElo "2313"]
[BlackElo "2446"]
[PlyCount "63"]
[EventDate "2022.06.12"]
[EventType "schev"]
[EventRounds "10"]
[EventCountry "AZE"]
[SourceTitle "CBM 209 Extra"]
[Source "ChessBase"]
[SourceDate "2022.09.30"]
[SourceVersion "1"]
[SourceVersionDate "2022.09.30"]
[SourceQuality "1"]
[WhiteTeam "Team B"]
[BlackTeam "Team A"]
[WhiteTeamCountry "AZE"]
[BlackTeamCountry "AZE"]

1. d4 Nf6 2. c4 g6 3. g3 d5 4. Bg2 Bg7 5. cxd5 Nxd5 6. e4 Nb6 7. Ne2 0-0 8. 0-0 Nc6 9. d5 Na5 10. Nbc3 c6 11. b3 cxd5 12. exd5 Bg4 13. f3 Bd7 14. Ba3 Re8 15. Rc1 Rc8 16. Kh1 e6 17. d6 Bc6 18. Bb4 Nd7 19. Qd2 b6 20. Ne4 Nb7 21. Nd4 Bxe4 22. fxe4 Ndc5 23. e5 a5 24. Ba3 Qd7 25. Qe3 b5 26. Bxc5 Nxc5 27. Rc2 b4 28. Rfc1 Bxe5 29. Qxe5 Nd3 30. Qb5 Qxb5 31. Nxb5 Nxc1 32. d7 1-0